| 000 | 00982 a2200301 4500 | ||
|---|---|---|---|
| 999 |
_c200130166 _d16154 |
||
| 001 | 200130166 | ||
| 003 | TR-AnTOB | ||
| 005 | 20260113172456.0 | ||
| 008 | 130802s2013 tu 000 0 | ||
| 020 | _a9789755372136 | ||
| 040 |
_aTR-AnTOB _cTR-AnTOB |
||
| 041 | _atur | ||
| 050 | 0 | 0 |
_aKKX937 _b.B69 2013 |
| 090 | _aKKX937 .B69 2013 | ||
| 100 | 1 |
_aBozer, Ali, _d1925- _938296 |
|
| 245 | 1 | 0 |
_aKıymetli evrak hukuku / _cAli Bozer, Celal Göle. |
| 264 | 1 |
_aAnkara : _bBanka ve Ticaret Hukuku Araştırma Enstitüsü ; Türkiye İş Bankası Vakfı ;, _c2013. |
|
| 300 | _a374.p. | ||
| 336 |
_2rdacontent _atext _btxt |
||
| 337 |
_2rdamedia _aunmediated _bn |
||
| 338 |
_2rdacarrier _avolume _bnc |
||
| 490 | 0 |
_aBanka ve Ticaret Hukuku Araştırma Enstitüsü Yayın ; _v475 |
|
| 650 | 0 |
_aNegotiable instruments _xTaxation _zTurkey _957218 |
|
| 650 | 7 |
_aKıymetli evrak _zTürkiye _2etuturkob _958103 |
|
| 700 | 1 |
_aGöle, Celal, _d1948- _991703 |
|
| 942 |
_cBK _2lcc |
||